Carregant...

Electrochemical supercapacitors for energy storage and delivery: fundamentals and applications

Dades bibliogràfiques
Autor principal: Yu, Aiping; Chabot, Victor and Zhang, Jiujun
Format: Printed Book
Publicat: CRC Press 2013
Col·lecció:Electrochemical energy storage and conversion
Matèries:
LEADER 00755nam a2200193 4500
020 |a 9781439869895  |c 12540.00 
082 |a 621.312424 AIP- E 
100 |a Yu, Aiping; Chabot, Victor and Zhang, Jiujun 
245 |a Electrochemical supercapacitors for energy storage and delivery: fundamentals and applications 
250
260 |a CRC Press  |c 2013 
300 |a 355 
490 |a Electrochemical energy storage and conversion 
500
590 |a Modern Book Centre  |b MBC-0370/15 dt 09/06/2015  |c 12540.00 
650 |a Storage batteries,Supercapacitors 
942 |c BK 
999 |c 85594  |d 85594 
952 |0 0  |1 0  |4 0  |6 621_312424000000000_AIP_E  |7 0  |9 99062  |a PHY  |b PHY  |g 12540.00  |l 1  |o 621.312424 AIP- E  |p PHY07252  |q 2019-12-20  |r 2019-12-05  |s 2019-12-05  |w 2019-09-24  |y BK